| 000 | 00600cam a22001691 4500 | ||
|---|---|---|---|
| 082 |
_a669.4 _bWAR _cL-8,P-5 |
||
| 100 | 1 |
_aWarburton, H. _945586 |
|
| 245 | 1 | 0 |
_aWhite metalling; _bthe mixing, melting, founding and machining of white metals for bearings, gland packings, etc. _cBy H. Warburton. |
| 260 |
_aManchester, _bEmmott & co. limited, _c1944. |
||
| 300 |
_a80 p. _billus., diagrs. _c19 cm. |
||
| 490 | 0 | _a"Mechanical world" monographs. [17] | |
| 526 |
_a0 _b0 _c0 _d669_400000000000000_WAR |
||
| 650 | 0 | _aAlloys. | |
| 650 | 0 |
_aBearings (Machinery) _942135 |
|
| 650 | 0 |
_aMCE _9379 |
|
| 942 |
_2ddc _cBK |
||
| 999 |
_c549062 _d549062 |
||